000 00336nam a2200145Ia 4500
008 151213s9999 xx 000 0 und d
100 _aDon Tray
245 _aChesapeate Cavalier
_cDon Tray
250 _a1st
260 _aNew York
_bPocket Books
_c1949
300 _a4546 p.
650 _aEnglish
700 _aDon Tray
999 _c2920
_d2920